[Event "Bjelovar op 4th"]
[Site "Bjelovar"]
[Date "2008.09.19"]
[Round "3"]
[White "Stocko, Josip"]
[Black "Devcic, Darko"]
[Result "0-1"]
[WhiteElo "2011"]
[BlackElo "2303"]
[PlyCount "80"]
[EventDate "2008.09.18"]
[EventType "swiss"]
[EventRounds "7"]
[EventCountry "CRO"]
[SourceTitle "CBM 126 Extra"]
[Source "ChessBase"]
[SourceDate "2008.11.05"]
[SourceVersion "1"]
[SourceVersionDate "2008.11.05"]
[SourceQuality "1"]

1. Nf3 c5 2. g3 g6 3. Bg2 Bg7 4. 0-0 Nc6 5. d3 d6 6. e4 Bd7 7. c3 Qc8 8. Re1 Bg4 9. Qc2 Nf6 10. Nbd2 0-0 11. Nc4 b5 12. Ne3 Bh3 13. Bh1 b4 14. c4 a5 15. Rb1 a4 16. b3 Bd7 17. Bb2 axb3 18. axb3 Ra2 19. Qc1 Re8 20. Nd5 Bg4 21. Ne3 Bxf3 22. Bxf3 Nd7 23. Be2 Nd4 24. Bxd4 Bxd4 25. Nc2 Bc3 26. Rf1 Ne5 27. Kg2 Qd7 28. h3 Rea8 29. f4 Nc6 30. Rf2 Nd4 31. Bd1 f5 32. Nxd4 Rxf2+ 33. Kxf2 Bxd4+ 34. Kg2 Ra2+ 35. Bc2 Qe6 36. Kf3 fxe4+ 37. dxe4 Qxh3 38. Qd2 h5 39. Rc1 h4 40. Qe1 Qh2 0-1

[Event "Bjelovar op 4th"]
[Site "Bjelovar"]
[Date "2008.09.18"]
[Round "2"]
[White "Devcic, Darko"]
[Black "Kalajzic, Ivan"]
[Result "1/2-1/2"]
[WhiteElo "2303"]
[BlackElo "2228"]
[PlyCount "90"]
[EventDate "2008.09.18"]
[EventType "swiss"]
[EventRounds "7"]
[EventCountry "CRO"]
[SourceTitle "CBM 126 Extra"]
[Source "ChessBase"]
[SourceDate "2008.11.05"]
[SourceVersion "1"]
[SourceVersionDate "2008.11.05"]
[SourceQuality "1"]

1. d4 d5 2. c4 Nc6 3. cxd5 Qxd5 4. e3 e5 5. Nc3 Bb4 6. Bd2 Bxc3 7. bxc3 Nf6 8. c4 Qd6 9. d5 Nd8 10. Qb1 a5 11. Ne2 b6 12. Ng3 Nb7 13. Be2 h5 14. Bc3 Nc5 15. 0-0 Na4 16. Bd2 g6 17. f4 h4 18. Ne4 Qe7 19. Bd1 Bd7 20. Bxa4 Bxa4 21. fxe5 Nxe4 22. Qxe4 f5 23. Qd3 h3 24. g3 0-0-0 25. Bc3 Qa3 26. e6 Rhe8 27. e4 fxe4 28. Qe3 Bc2 29. Rf7 Bd3 30. Bf6 Qb4 31. Rc1 Bxc4 32. Bxd8 Rxd8 33. e7 Re8 34. a3 Qb2 35. Rf2 Qb3 36. Qxe4 Bxd5 37. Qe5 c5 38. Rd1 Bc6 39. Rc1 Bd5 40. Rd2 Bc6 41. Rf1 Kb7 42. Rd8 Qc2 43. Rf2 Qb1+ 44. Rf1 Qc2 45. Rf2 Qb1+ 1/2-1/2

[Event "Zagreb op-A"]
[Site "Zagreb"]
[Date "2008.05.17"]
[Round "6"]
[White "Devcic, Darko"]
[Black "Krstic, Uros"]
[Result "1-0"]
[WhiteElo "2304"]
[BlackElo "2385"]
[PlyCount "99"]
[EventDate "2008.05.12"]
[EventType "swiss"]
[EventRounds "9"]
[EventCountry "CRO"]
[SourceTitle "CBM 124 Extra"]
[Source "ChessBase"]
[SourceDate "2008.07.03"]
[SourceVersion "1"]
[SourceVersionDate "2008.07.03"]
[SourceQuality "1"]

1. d4 Nf6 2. c4 g6 3. Nf3 Bg7 4. g3 0-0 5. Bg2 d6 6. 0-0 Nbd7 7. Nc3 e5 8. h3 Re8 9. b3 h6 10. e4 a6 11. Re1 Rb8 12. a4 exd4 13. Nxd4 Nc5 14. Bb2 Nfd7 15. Nd5 c6 16. Nf4 a5 17. Qc2 Qb6 18. Nfe2 Nf6 19. Nc3 Nh7 20. Nce2 Ng5 21. Nf4 Bd7 22. Rab1 Nxa4 23. Nxc6 Nxb2 24. Nxb8 Rxb8 25. Rxb2 Bxb2 26. Qxb2 Bc6 27. h4 Nh7 28. e5 dxe5 29. Rxe5 Nf6 30. Nxg6 fxg6 31. Re6 Rf8 32. Rxf6 Rxf6 33. Qxf6 Qxb3 34. Qxg6+ Kf8 35. Qxh6+ Kg8 36. Qg5+ Kh7 37. Bd5 Bxd5 38. cxd5 a4 39. Qe7+ Kg6 40. d6 Qd1+ 41. Kg2 Qd5+ 42. f3 a3 43. d7 a2 44. d8Q Qxd8 45. Qxd8 a1Q 46. Qb6+ Kf5 47. Qxb7 Qa2+ 48. Kh3 Qf2 49. Qf7+ Ke5 50. Kg4 1-0

[Event "Zagreb op-A"]
[Site "Zagreb"]
[Date "2008.05.16"]
[Round "5"]
[White "Jadrijevic, Ante"]
[Black "Devcic, Darko"]
[Result "1-0"]
[WhiteElo "2242"]
[BlackElo "2304"]
[PlyCount "141"]
[EventDate "2008.05.12"]
[EventType "swiss"]
[EventRounds "9"]
[EventCountry "CRO"]
[SourceTitle "CBM 124 Extra"]
[Source "ChessBase"]
[SourceDate "2008.07.03"]
[SourceVersion "1"]
[SourceVersionDate "2008.07.03"]
[SourceQuality "1"]

1. e4 c5 2. b3 b6 3. Bb2 e6 4. Nc3 Bb7 5. Nf3 a6 6. Bd3 Nc6 7. a3 Nge7 8. 0-0 Ng6 9. Re1 Bd6 10. Bf1 0-0 11. d3 Bc7 12. g3 f5 13. Bg2 f4 14. Ne2 fxg3 15. hxg3 h5 16. Qd2 Nce5 17. Nxe5 Nxe5 18. f4 Ng6 19. Rf1 h4 20. Qe3 Rf7 21. Rf2 d5 22. Qf3 d4 23. Qg4 hxg3 24. Qxg3 Nf8 25. Raf1 Rf6 26. Rf3 Rh6 27. Bc1 Qe8 28. Qf2 Rd8 29. Rg3 Rd7 30. Bh3 Rf7 31. Qg2 Rh4 32. Rff3 Nh7 33. Rg6 Bc8 34. Rfg3 Qe7 35. Bd2 Nf8 36. R6g5 a5 37. a4 Nh7 38. Rg6 Nf6 39. R3g5 Nh5 40. Rg4 Rxg4 41. Qxg4 Nf6 42. Qg5 Qe8 43. Kg2 Bb7 44. Kf3 Bd8 45. Qe5 Kf8 46. Bxe6 Bc7 47. Bxf7 Qxf7 48. Qf5 Nxe4 49. Qxf7+ Kxf7 50. Rxg7+ Kxg7 51. dxe4 Kf6 52. Nc1 Kg6 53. Nd3 Kh5 54. f5 Bd8 55. Bf4 Kh4 56. Ne5 Kh5 57. Nf7 Bh4 58. Bc7 Ba6 59. Bxb6 c4 60. Bxa5 d3 61. cxd3 cxb3 62. Bc3 Bxd3 63. Ne5 Ba6 64. Bb2 Bf6 65. Nc4 Bg5 66. Na5 Bd3 67. Nxb3 Bc2 68. Nc5 Bd1+ 69. Kg3 Be7 70. Bd4 Bc2 71. Kf4 1-0

[Event "Zagreb op-A"]
[Site "Zagreb"]
[Date "2008.05.14"]
[Round "3"]
[White "Saric, Ante"]
[Black "Devcic, Darko"]
[Result "1/2-1/2"]
[WhiteElo "2505"]
[BlackElo "2304"]
[PlyCount "41"]
[EventDate "2008.05.12"]
[EventType "swiss"]
[EventRounds "9"]
[EventCountry "CRO"]
[SourceTitle "CBM 124 Extra"]
[Source "ChessBase"]
[SourceDate "2008.07.03"]
[SourceVersion "1"]
[SourceVersionDate "2008.07.03"]
[SourceQuality "1"]

1. d4 Nf6 2. c4 c5 3. d5 b5 4. cxb5 a6 5. bxa6 g6 6. Nc3 Bxa6 7. Nf3 d6 8. g3 Bg7 9. Bg2 Nbd7 10. Rb1 0-0 11. 0-0 Qa5 12. Qc2 Rfb8 13. Rd1 Ng4 14. Bd2 Nge5 15. Nxe5 Nxe5 16. b3 Qd8 17. Bf1 Qc8 18. a4 Ra7 19. Na2 Rab7 20. Bc3 Qf5 21. e4 1/2-1/2

[Event "Zagreb op-A"]
[Site "Zagreb"]
[Date "2008.05.12"]
[Round "1"]
[White "Tratar, Marko"]
[Black "Devcic, Darko"]
[Result "1-0"]
[WhiteElo "2477"]
[BlackElo "2304"]
[PlyCount "77"]
[EventDate "2008.05.12"]
[EventType "swiss"]
[EventRounds "9"]
[EventCountry "CRO"]
[SourceTitle "CBM 124 Extra"]
[Source "ChessBase"]
[SourceDate "2008.07.03"]
[SourceVersion "1"]
[SourceVersionDate "2008.07.03"]
[SourceQuality "1"]

1. Nf3 c5 2. c4 g6 3. e4 Bg7 4. d4 d6 5. Nc3 Nf6 6. Be2 0-0 7. 0-0 Nc6 8. d5 Na5 9. Bd2 Bg4 10. b3 Bxf3 11. Bxf3 e5 12. g3 Ne8 13. Bg2 f5 14. exf5 gxf5 15. Qc2 b6 16. Rae1 a6 17. Bh3 f4 18. Bf5 Ra7 19. Bxh7+ Kh8 20. Bg6 Bh6 21. f3 Rg7 22. g4 Qh4 23. Bxe8 Rxe8 24. Ne4 Nb7 25. Bc3 Rh7 26. Re2 Qe7 27. h4 Qxh4 28. Rh2 Qe7 29. Kg2 Nd8 30. Rfh1 Nf7 31. Be1 Kg8 32. Bh4 Bg5 33. Bxg5 Rxh2+ 34. Rxh2 Nxg5 35. Nxg5 Qxg5 36. Qh7+ Kf8 37. Rh5 Re7 38. Qh8+ Qg8 39. Qf6+ 1-0

[Event "SVK-ch op-A"]
[Site "Banska Stiavnica"]
[Date "2007.07.13"]
[Round "7.26"]
[White "Devcic, Darko"]
[Black "Zvarik, Martin"]
[Result "1-0"]
[WhiteElo "2246"]
[BlackElo "2141"]
[PlyCount "60"]
[EventDate "2007.07.07"]
[EventType "swiss"]
[EventRounds "9"]
[EventCountry "SVK"]
[SourceTitle "EXT 2010"]
[Source "ChessBase"]
[SourceDate "2010.11.25"]
[SourceVersion "1"]
[SourceVersionDate "2010.11.25"]
[SourceQuality "1"]

1. d4 Nf6 2. c4 e6 3. g3 d5 4. Nf3 c5 5. cxd5 exd5 6. Bg2 Nc6 7. 0-0 Bf5 8. Nc3 Be4 9. dxc5 Bxc5 10. Bg5 Be7 11. Qb3 Qb6 12. Qxb6 axb6 13. Rac1 0-0 14. Rfd1 Rfd8 15. a3 h6 16. Bf4 Rd7 17. Bh3 g5 18. Bxd7 gxf4 19. Bh3 Bxf3 20. exf3 d4 21. Ne2 fxg3 22. hxg3 Rd8 23. Kg2 Ne8 24. Bf5 Bf6 25. Be4 Rd6 26. b4 Nc7 27. f4 Ne6 28. Bd3 Kg7 29. f5 Nf8 30. f4 Ne7 1-0

[Event "SVK-ch op-A"]
[Site "Banska Stiavnica"]
[Date "2007.07.07"]
[Round "1.40"]
[White "Devcic, Darko"]
[Black "Drugda, Milos"]
[Result "1-0"]
[WhiteElo "2246"]
[BlackElo "1987"]
[PlyCount "49"]
[EventDate "2007.07.07"]
[EventType "swiss"]
[EventRounds "9"]
[EventCountry "SVK"]
[SourceTitle "EXT 2010"]
[Source "ChessBase"]
[SourceDate "2010.11.25"]
[SourceVersion "1"]
[SourceVersionDate "2010.11.25"]
[SourceQuality "1"]

1. d4 Nf6 2. c4 e6 3. Nf3 c5 4. d5 exd5 5. cxd5 d6 6. Nc3 g6 7. h3 Bg7 8. e4 0-0 9. Bd3 Na6 10. 0-0 Nc7 11. Re1 Re8 12. Bf4 a6 13. a4 b6 14. Nd2 Nh5 15. Be2 Be5 16. Bxe5 Rxe5 17. Bf1 Rb8 18. Nf3 Re8 19. e5 Bb7 20. Qd2 Qd7 21. g4 Ng7 22. Qh6 Bxd5 23. Nxd5 Nxd5 24. Bc4 Qc6 25. Ng5 1-0

[Event "Velika Gorica op 6th"]
[Site "Velika Gorica"]
[Date "2006.08.26"]
[Round "9"]
[White "Plesnik, Hrvoje"]
[Black "Devcic, Darko"]
[Result "0-1"]
[WhiteElo "1990"]
[BlackElo "2287"]
[PlyCount "92"]
[EventDate "2006.08.19"]
[EventType "swiss"]
[EventRounds "9"]
[EventCountry "CRO"]
[SourceTitle "CBM 113 Extra"]
[Source "ChessBase"]
[SourceDate "2006.09.14"]
[SourceVersion "1"]
[SourceVersionDate "2006.09.14"]
[SourceQuality "1"]

1. d4 Nf6 2. Nf3 g6 3. g3 Bg7 4. Bg2 0-0 5. 0-0 d6 6. c3 c5 7. dxc5 dxc5 8. Nbd2 Nc6 9. Nb3 Nd7 10. Qd5 e6 11. Qd6 Re8 12. Bg5 f6 13. Be3 Bf8 14. Qd2 Qc7 15. a4 b6 16. a5 bxa5 17. c4 Rd8 18. Qc3 Bg7 19. Bxc5 Nxc5 20. Nxc5 f5 21. Qe3 Qb6 22. Rad1 Re8 23. Nd3 Qxe3 24. fxe3 Rb8 25. Ng5 Ne5 26. Nxe5 Bxe5 27. Bc6 Re7 28. Rd8+ Kg7 29. b3 Bf6 30. Nf3 Rc7 31. Rxc8 Rbxc8 32. Bb5 Rd8 33. Rc1 g5 34. Kf2 g4 35. Ne1 Bg5 36. Nd3 Kf6 37. c5 h5 38. c6 h4 39. Rc3 hxg3+ 40. hxg3 Rh8 41. Nc5 Rh1 42. Nd7+ Ke7 43. Rd3 Rc8 44. Ne5 Kf6 45. Nf3 gxf3 46. exf3 Rch8 0-1

[Event "Velika Gorica op 6th"]
[Site "Velika Gorica"]
[Date "2006.08.22"]
[Round "5"]
[White "Purgar, Ivona"]
[Black "Devcic, Darko"]
[Result "1-0"]
[WhiteElo "1957"]
[BlackElo "2287"]
[PlyCount "119"]
[EventDate "2006.08.19"]
[EventType "swiss"]
[EventRounds "9"]
[EventCountry "CRO"]
[SourceTitle "CBM 113 Extra"]
[Source "ChessBase"]
[SourceDate "2006.09.14"]
[SourceVersion "1"]
[SourceVersionDate "2006.09.14"]
[SourceQuality "1"]

1. e4 c5 2. Nf3 e6 3. d4 cxd4 4. Nxd4 a6 5. Bd3 Nf6 6. 0-0 d6 7. Qe2 g6 8. c4 Bg7 9. Nc3 0-0 10. Nf3 Nc6 11. Rd1 Qc7 12. h3 Nd7 13. Be3 b6 14. Rac1 Bb7 15. Bb1 Nce5 16. Nxe5 Nxe5 17. b3 Rab8 18. f4 Nc6 19. Qd2 Rfd8 20. f5 Be5 21. Qf2 Ba8 22. f6 Rd7 23. Qh4 Qd8 24. Rf1 b5 25. cxb5 axb5 26. Bh6 Nd4 27. Kh1 b4 28. Nd1 Ne2 29. Ne3 Ng3+ 30. Kg1 Qb6 31. Rf2 Nh5 32. Nc4 Qd8 33. Nxe5 dxe5 34. Rff1 Rd3 35. Bxd3 Qxd3 36. Rfd1 Qa6 37. Rd2 Bc6 38. Rcd1 Qa7+ 39. Kh2 Qa8 40. Be3 Re8 41. Bc5 Bxe4 42. Be7 Bd5 43. g4 Qb8 44. gxh5 e4+ 45. Qg3 Qb6 46. hxg6 hxg6 47. Re1 Qa7 48. Qf4 Rxe7 49. fxe7 Qxe7 50. Rc2 e5 51. Qh6 Be6 52. Rd1 Qf6 53. Rcd2 Qf4+ 54. Qxf4 exf4 55. Rd4 f5 56. Rxb4 Kf7 57. h4 Kf6 58. a4 e3 59. Kg2 Ke5 60. Kf3 1-0

[Event "SVK-ch op-A"]
[Site "Banska Stiavnica"]
[Date "2006.07.13"]
[Round "6"]
[White "Devcic, Darko"]
[Black "Janovsky, Jozef"]
[Result "0-1"]
[WhiteElo "2287"]
[BlackElo "2141"]
[PlyCount "84"]
[EventDate "2006.07.08"]
[EventType "swiss"]
[EventRounds "9"]
[EventCountry "SVK"]
[SourceTitle "CBM 113 Extra"]
[Source "ChessBase"]
[SourceDate "2006.09.14"]
[SourceVersion "1"]
[SourceVersionDate "2006.09.14"]
[SourceQuality "1"]

1. d4 d5 2. c4 c6 3. Nf3 Nf6 4. Qc2 e6 5. g3 Nbd7 6. Bg2 Bd6 7. 0-0 0-0 8. b3 Re8 9. Nc3 Qe7 10. Rd1 a6 11. a4 a5 12. e4 Nxe4 13. Nxe4 dxe4 14. Qxe4 e5 15. dxe5 Nxe5 16. Ng5 g6 17. Qh4 h5 18. Rxd6 Qxd6 19. Ba3 Qf6 20. Rd1 Bg4 21. Rd6 Qf5 22. h3 Nd3 23. Rxd3 Re1+ 24. Kh2 Qxd3 25. hxg4 Qd4 26. Nf3 Qxf2 27. Nxe1 Qxe1 28. Qf6 Qe6 29. Qc3 hxg4 30. Bb2 f6 31. c5 Kg7 32. Kg1 Rd8 33. Be4 Rf8 34. Qd3 Re8 35. Qd4 Re7 36. Bc3 Qxe4 37. Qxf6+ Kg8 38. Qh8+ Kf7 39. Qg7+ Ke8 40. Qh8+ Kd7 41. Bd2 Qd3 42. Qh6 Qxg3+ 0-1

[Event "SVK-ch op-A"]
[Site "Banska Stiavnica"]
[Date "2006.07.10"]
[Round "3"]
[White "Hagarova, Zuzana"]
[Black "Devcic, Darko"]
[Result "1-0"]
[WhiteElo "2364"]
[BlackElo "2287"]
[PlyCount "73"]
[EventDate "2006.07.08"]
[EventType "swiss"]
[EventRounds "9"]
[EventCountry "SVK"]
[SourceTitle "CBM 113 Extra"]
[Source "ChessBase"]
[SourceDate "2006.09.14"]
[SourceVersion "1"]
[SourceVersionDate "2006.09.14"]
[SourceQuality "1"]

1. e4 c5 2. Nf3 e6 3. d4 cxd4 4. Nxd4 a6 5. Nc3 Qc7 6. Bd3 Bc5 7. Nb3 Be7 8. Qg4 g6 9. 0-0 d6 10. Qe2 Nd7 11. f4 Ngf6 12. Bd2 b5 13. Rae1 b4 14. Nd1 Bb7 15. Kh1 Nc5 16. Nxc5 dxc5 17. b3 h5 18. Nf2 h4 19. Nh3 Rd8 20. Bc1 Qa5 21. Bb2 Rg8 22. Ra1 Qb6 23. a3 a5 24. axb4 axb4 25. Ng5 Nh5 26. Qg4 f5 27. exf5 exf5 28. Qe2 Rxd3 29. cxd3 Kd7 30. Nh3 Bd5 31. d4 cxd4 32. Bxd4 Bc5 33. Bxc5 Qxc5 34. Rfc1 Qb6 35. Rd1 Nf6 36. Ra6 Re8 37. Qxe8+ 1-0

[Event "Zagreb op"]
[Site "Zagreb"]
[Date "2006.01.22"]
[Round "9"]
[White "Jovanic, Ognjen"]
[Black "Devcic, Darko"]
[Result "1-0"]
[WhiteElo "2469"]
[BlackElo "2261"]
[PlyCount "123"]
[EventDate "2006.01.14"]
[EventType "swiss"]
[EventRounds "9"]
[EventCountry "CRO"]
[SourceTitle "CBM 110 Extra"]
[Source "ChessBase"]
[SourceDate "2006.03.10"]
[SourceVersion "2"]
[SourceVersionDate "2006.03.10"]
[SourceQuality "1"]

1. d4 Nf6 2. c4 c5 3. d5 b5 4. cxb5 a6 5. bxa6 g6 6. Nc3 Bxa6 7. Nf3 d6 8. g3 Bg7 9. Bg2 Nbd7 10. Rb1 0-0 11. 0-0 Qa5 12. Bd2 Rfb8 13. Qc2 Ng4 14. b3 Nge5 15. Nxe5 Nxe5 16. a4 Qd8 17. Rfe1 Ra7 18. Na2 Rab7 19. b4 cxb4 20. Nxb4 Rc8 21. Qd1 Nc4 22. Rc1 Nb2 23. Rxc8 Qxc8 24. Qc1 Rc7 25. Nc6 Nxa4 26. Ba5 Rb7 27. Qf4 Nc5 28. Nd8 Bf6 29. Nxb7 Qxb7 30. Qb4 Qd7 31. Bb6 Na4 32. Bd4 Bxd4 33. Qxd4 Nc5 34. Bf3 Qf5 35. h4 f6 36. Rc1 Nb3 37. Qa4 Nxc1 38. Qe8+ Kg7 39. Qxe7+ Kg8 40. Qd8+ Kg7 41. Qc7+ Kg8 42. Qxc1 Qe5 43. Qd2 Bb5 44. Kg2 Kg7 45. Qb4 Be8 46. Qb7+ Bf7 47. Qd7 f5 48. e3 Kg8 49. Qc8+ Kg7 50. Qb7 Kg8 51. Kh2 Kg7 52. Bg2 Kg8 53. Qc8+ Kg7 54. Qd7 Kg8 55. Qd8+ Kg7 56. f4 Qf6 57. Qxf6+ Kxf6 58. Bf3 Ke7 59. Kh3 h5 60. e4 fxe4 61. Bxe4 Be8 62. Kg2 1-0

[Event "Zagreb op"]
[Site "Zagreb"]
[Date "2006.01.17"]
[Round "4"]
[White "Jakovljevic, Vlado"]
[Black "Devcic, Darko"]
[Result "1-0"]
[WhiteElo "2385"]
[BlackElo "2261"]
[PlyCount "65"]
[EventDate "2006.01.14"]
[EventType "swiss"]
[EventRounds "9"]
[EventCountry "CRO"]
[SourceTitle "CBM 110 Extra"]
[Source "ChessBase"]
[SourceDate "2006.03.10"]
[SourceVersion "2"]
[SourceVersionDate "2006.03.10"]
[SourceQuality "1"]

1. Nf3 Nf6 2. c4 g6 3. d4 Bg7 4. g3 c5 5. Bg2 0-0 6. 0-0 cxd4 7. Nxd4 Nc6 8. Nc3 Ng4 9. e3 d6 10. h3 Nxd4 11. exd4 Nh6 12. g4 f5 13. g5 Nf7 14. f4 Qb6 15. Kh1 Qxd4 16. Qe2 Qc5 17. b4 Qxb4 18. Nd5 Qc5 19. Nxe7+ Kh8 20. Bb2 Ne5 21. fxe5 dxe5 22. Nd5 Re8 23. Rf3 Rb8 24. Re3 e4 25. Bxg7+ Kxg7 26. Bxe4 Bd7 27. Bg2 Bc6 28. Re1 b5 29. Qb2+ Kg8 30. Qf6 bxc4 31. Rxe8+ Rxe8 32. Rxe8+ Bxe8 33. Ne7+ 1-0

[Event "Zagreb op"]
[Site "Zagreb"]
[Date "2006.01.16"]
[Round "3"]
[White "Devcic, Darko"]
[Black "Hoffmann, Michael"]
[Result "1-0"]
[WhiteElo "2261"]
[BlackElo "2443"]
[PlyCount "81"]
[EventDate "2006.01.14"]
[EventType "swiss"]
[EventRounds "9"]
[EventCountry "CRO"]
[SourceTitle "CBM 110 Extra"]
[Source "ChessBase"]
[SourceDate "2006.03.10"]
[SourceVersion "2"]
[SourceVersionDate "2006.03.10"]
[SourceQuality "1"]

1. d4 Nf6 2. c4 e6 3. Nf3 c5 4. d5 d6 5. Nc3 exd5 6. cxd5 g6 7. h3 a6 8. a4 Qe7 9. Bf4 Nbd7 10. e3 Bg7 11. Be2 0-0 12. 0-0 Rb8 13. Nd2 Ne8 14. e4 Ne5 15. Re1 f5 16. exf5 Bxf5 17. Bg3 Qd7 18. a5 Nc7 19. Nc4 Nxc4 20. Bxc4 b5 21. axb6 Rxb6 22. Qd2 Rb4 23. Bxa6 Rfb8 24. Ra2 c4 25. Rea1 Bd3 26. Kh2 h5 27. Re1 R8b6 28. Ne4 Bxe4 29. Rxe4 c3 30. bxc3 Rxe4 31. Bd3 Re7 32. Bxg6 Rb8 33. Qg5 Ne8 34. Bf5 Qd8 35. Bh4 Re5 36. Qg3 Nf6 37. Ra7 Qf8 38. Be6+ Rxe6 39. dxe6 Ne4 40. Qg6 Qf4+ 41. Bg3 1-0

[Event "Velika Gorica op 5th"]
[Site "Velika Gorica"]
[Date "2005.08.21"]
[Round "2"]
[White "Novosel, Tomislav"]
[Black "Devcic, Darko"]
[Result "0-1"]
[WhiteElo "2117"]
[BlackElo "2268"]
[PlyCount "74"]
[EventDate "2005.08.20"]
[EventType "swiss"]
[EventRounds "9"]
[EventCountry "CRO"]
[SourceTitle "CBM 108 Extra"]
[Source "ChessBase"]
[SourceDate "2005.11.04"]
[SourceVersion "1"]
[SourceVersionDate "2005.11.04"]
[SourceQuality "1"]

1. d4 Nf6 2. c4 c5 3. d5 b5 4. cxb5 a6 5. b6 g6 6. Nc3 Bg7 7. e4 d6 8. a4 Qxb6 9. Nf3 Bg4 10. Be2 Bxf3 11. Bxf3 Nbd7 12. 0-0 0-0 13. Re1 Rfb8 14. Be2 Ne8 15. Qc2 Qb3 16. Qd3 Ne5 17. Qg3 Nc4 18. Bd1 Qb4 19. Re2 Be5 20. Qd3 Na5 21. Ra3 Nf6 22. h3 Nd7 23. f4 Qd4+ 24. Qxd4 Bxd4+ 25. Kh1 Nb6 26. Rc2 Nbc4 27. Ra2 Nb3 28. Ne2 Nxc1 29. Rxc1 Nxb2 30. Ra3 Bg7 31. Ng1 Rb4 32. e5 Rxf4 33. e6 fxe6 34. dxe6 Rf1 35. Bf3 Rxc1 36. Bxa8 Bd4 37. Rb3 Bxg1 0-1

[Event "CRO-chT2 East"]
[Site "Croatia"]
[Date "2005.04.23"]
[Round "4.6"]
[White "Majeric, Zoran"]
[Black "Devcic, Darko"]
[Result "0-1"]
[WhiteElo "2382"]
[BlackElo "2235"]
[PlyCount "94"]
[EventDate "2005.03.19"]
[EventType "team-tourn"]
[EventRounds "11"]
[EventCountry "CRO"]
[SourceTitle "EXT 2007"]
[Source "ChessBase"]
[SourceDate "2006.11.23"]
[SourceVersion "1"]
[SourceVersionDate "2006.11.23"]
[SourceQuality "1"]
[WhiteTeam "Vukovar Slaven"]
[BlackTeam "Oriovac"]
[WhiteTeamCountry "CRO"]
[BlackTeamCountry "CRO"]

1. e4 c5 2. Nf3 e6 3. d4 cxd4 4. Nxd4 a6 5. Nc3 Qc7 6. g3 Nf6 7. Bg2 Bb4 8. Bd2 Nc6 9. Nxc6 dxc6 10. 0-0 Be7 11. a4 e5 12. h3 0-0 13. Qe2 Be6 14. a5 Rfd8 15. Be3 Nd7 16. Na4 c5 17. Rfd1 Nf8 18. Nb6 Rxd1+ 19. Rxd1 Rd8 20. f4 f6 21. f5 Bf7 22. Ra1 Bd6 23. c4 Nd7 24. Nd5 Qc8 25. Bf1 Nb8 26. Qf2 Kh8 27. Ra3 Nd7 28. g4 Qc6 29. h4 Bf8 30. Kh2 Qd6 31. Rb3 Qc6 32. Bd2 Bxd5 33. cxd5 Qa4 34. Rxb7 Qxe4 35. Qg2 Qd4 36. Bxa6 e4 37. Bf4 Ne5 38. Be2 Bd6 39. Kh3 Qxd5 40. a6 c4 41. g5 Rg8 42. Bxe5 Qxe5 43. Bxc4 Qxf5+ 44. Qg4 Qe5 45. Qg1 Rd8 46. gxf6 Qxf6 47. a7 Qf3+ 0-1

[Event "CRO-chT2 East"]
[Site "Croatia"]
[Date "2005.03.19"]
[Round "3.4"]
[White "Mravunac, Branko"]
[Black "Devcic, Darko"]
[Result "1-0"]
[WhiteElo "2112"]
[BlackElo "2235"]
[PlyCount "59"]
[EventDate "2005.03.19"]
[EventType "team-tourn"]
[EventRounds "11"]
[EventCountry "CRO"]
[SourceTitle "EXT 2007"]
[Source "ChessBase"]
[SourceDate "2006.11.23"]
[SourceVersion "1"]
[SourceVersionDate "2006.11.23"]
[SourceQuality "1"]
[WhiteTeam "Donji Miholjac"]
[BlackTeam "Oriovac"]
[WhiteTeamCountry "CRO"]
[BlackTeamCountry "CRO"]

1. e4 c5 2. Nf3 e6 3. d4 cxd4 4. Nxd4 a6 5. Be3 Nf6 6. Bd3 Qc7 7. Nd2 d5 8. exd5 Nxd5 9. 0-0 Bd6 10. h3 Nxe3 11. fxe3 Nd7 12. Qg4 0-0 13. Qh4 g6 14. Ne4 Bc5 15. Ng5 h5 16. Ngxe6 Qe5 17. Nxf8 Qxe3+ 18. Kh1 Nxf8 19. Nb3 Be7 20. Qe4 Qg5 21. Rae1 Bd6 22. Qe3 Qh4 23. Qf3 Be6 24. Re4 Qg5 25. h4 Qd8 26. Rd4 Qe7 27. Qf2 Bxb3 28. axb3 Bc5 29. Re4 Qxe4 30. Qxf7+ 1-0

[Event "Zadar op"]
[Site "Zadar"]
[Date "2004.12.19"]
[Round "9"]
[White "Devcic, Darko"]
[Black "Bilus Gagic, Ante"]
[Result "1-0"]
[WhiteElo "2205"]
[BlackElo "2039"]
[PlyCount "87"]
[EventDate "2004.12.13"]
[EventType "swiss"]
[EventRounds "9"]
[EventCountry "CRO"]
[SourceTitle "CBM 103 Extra"]
[Source "ChessBase"]
[SourceDate "2005.01.01"]
[SourceVersion "1"]
[SourceVersionDate "2005.01.01"]
[SourceQuality "1"]

1. d4 Nf6 2. c4 g6 3. Nf3 Bg7 4. g3 c6 5. Bg2 0-0 6. 0-0 d5 7. Qb3 Nbd7 8. Nc3 Nb6 9. c5 Nbd7 10. Qa3 Re8 11. b4 e5 12. Nxe5 Nxe5 13. dxe5 Rxe5 14. Bf4 Re8 15. Rad1 Nh5 16. Bd6 f5 17. e3 Be6 18. b5 Nf6 19. bxc6 bxc6 20. Rb1 Bc8 21. Rfd1 Ne4 22. Nxe4 fxe4 23. Qa4 Qd7 24. Rb4 a5 25. Rb6 Ra6 26. Rxa6 Bxa6 27. Qxa5 Qb7 28. Qb6 Qa8 29. a4 Bd3 30. a5 Bc3 31. Bc7 Bb5 32. Bf1 Re7 33. Bxb5 cxb5 34. c6 Re6 35. Qb7 Qe8 36. Rxd5 Qxc6 37. Rd8+ Kf7 38. Qc8 Bf6 39. Rf8+ Kg7 40. Rg8+ Kh6 41. Qf8+ Kh5 42. Bf4 Kg4 43. Kg2 Qd5 44. h3+ 1-0

[Event "Zadar op"]
[Site "Zadar"]
[Date "2004.12.15"]
[Round "4"]
[White "Vranjic, Marko"]
[Black "Devcic, Darko"]
[Result "0-1"]
[WhiteElo "1805"]
[BlackElo "2205"]
[PlyCount "63"]
[EventDate "2004.12.13"]
[EventType "swiss"]
[EventRounds "9"]
[EventCountry "CRO"]
[SourceTitle "CBM 103 Extra"]
[Source "ChessBase"]
[SourceDate "2005.01.01"]
[SourceVersion "1"]
[SourceVersionDate "2005.01.01"]
[SourceQuality "1"]

1. e4 c5 2. Nf3 e6 3. d4 cxd4 4. Nxd4 a6 5. Bd3 Bc5 6. Nb3 Be7 7. 0-0 d6 8. Nc3 Nd7 9. f4 Ngf6 10. Qf3 Qc7 11. g4 h6 12. Be3 b5 13. a4 b4 14. Ne2 Bb7 15. c3 d5 16. Ng3 Nc5 17. Nxc5 Bxc5 18. h3 Rd8 19. cxb4 dxe4 20. Bxe4 Nxe4 21. Nxe4 Bxe3+ 22. Qxe3 Qc2 23. Nf2 Qc6 24. Qg3 0-0 25. Rac1 Qxa4 26. Qa3 Qb5 27. Rc5 Qe2 28. Re5 Qd2 29. Qe3 Qxb2 30. Ne4 Rd4 31. Rf2 Qxb4 32. Nc3 0-1

[Event "Zadar op"]
[Site "Zadar"]
[Date "2004.12.14"]
[Round "2"]
[White "Saric, Ibro"]
[Black "Devcic, Darko"]
[Result "1-0"]
[WhiteElo "2441"]
[BlackElo "2205"]
[PlyCount "67"]
[EventDate "2004.12.13"]
[EventType "swiss"]
[EventRounds "9"]
[EventCountry "CRO"]
[SourceTitle "CBM 103 Extra"]
[Source "ChessBase"]
[SourceDate "2005.01.01"]
[SourceVersion "1"]
[SourceVersionDate "2005.01.01"]
[SourceQuality "1"]

1. e4 c5 2. Nf3 e6 3. d3 Nc6 4. g3 g6 5. Bg2 Bg7 6. 0-0 Nge7 7. c3 e5 8. a3 a5 9. a4 0-0 10. Na3 d5 11. exd5 Nxd5 12. Qb3 Nc7 13. Be3 Ne6 14. Rad1 Rb8 15. Nd2 Bd7 16. Ne4 b6 17. f4 exf4 18. gxf4 Ne7 19. Ng3 Nc7 20. Nc4 Nf5 21. Nxf5 Bxf5 22. Ne5 Be6 23. c4 Qd6 24. d4 cxd4 25. Bxd4 Qb4 26. Qxb4 axb4 27. b3 Na6 28. Bf2 Nc5 29. Bxc5 bxc5 30. a5 g5 31. Nc6 Bg4 32. Nxb8 Bxd1 33. Rxd1 Bd4+ 34. Kf1 1-0